Online katalóg knižníc regiónu Turca

Preterky s časom (Record no. 22068)

MARC details
000 -LEADER
fixed length control field 01666nam a22004693 4500
001 - CONTROL NUMBER
control field 22068
003 - CONTROL NUMBER IDENTIFIER
control field VRT
005 - DATE AND TIME OF LATEST TRANSACTION
control field 20260318163339.0
008 - FIXED-LENGTH DATA ELEMENTS--GENERAL INFORMATION
fixed length control field 250326s2025 xo g 000 1 slo d
020 ## - INTERNATIONAL STANDARD BOOK NUMBER
International Standard Book Number 9788083050105
Qualifying information (viazané)
035 ## - SYSTEM CONTROL NUMBER
System control number a000767331
039 #9 - LEVEL OF BIBLIOGRAPHIC CONTROL AND CODING DETAIL [OBSOLETE]
Level of rules in bibliographic description 202508251126
Level of effort used to assign nonsubject heading access points izakovicm
Level of effort used to assign subject headings 202508181231
Level of effort used to assign classification fuskovaz
Level of effort used to assign subject headings 202503261139
Level of effort used to assign classification KCiconova
040 ## - CATALOGING SOURCE
Original cataloging agency UKB
Language of cataloging slo
Modifying agency UKB
Description conventions rda
041 1# - LANGUAGE CODE
Language code of text/sound track or separate title slo
Language code of original eng
044 ## - COUNTRY OF PUBLISHING/PRODUCING ENTITY CODE
MARC country code xo
ISO country code SK
072 #7 - SUBJECT CATEGORY CODE
Subject category code 821.111(73)-3
Subject category code subdivision Americká próza
Source konspekt
080 ## - UNIVERSAL DECIMAL CLASSIFICATION NUMBER
Universal Decimal Classification number 821.111(73)-31
Edition identifier 2011
080 ## - UNIVERSAL DECIMAL CLASSIFICATION NUMBER
Universal Decimal Classification number (0:82-312.4)
Edition identifier 2011
080 ## - UNIVERSAL DECIMAL CLASSIFICATION NUMBER
Universal Decimal Classification number (0.038)
Edition identifier 2011
100 1# - MAIN ENTRY--PERSONAL NAME
Personal name Regan, Lisa,
Dates associated with a name 1971-
Relationship aut
240 10 - UNIFORM TITLE
Uniform title Find her alive.
Language of a work Slovensky
245 10 - TITLE STATEMENT
Title Preterky s časom
Statement of responsibility, etc. Lisa Reganová ; z anglického originálu Find her alive ... preložila Katarína Kvoriaková
246 1# - VARYING FORM OF TITLE
Display text Séria:
Title proper/short title Detektívka Josie Quinnová
Number of part/section of a work 8. diel
250 ## - EDITION STATEMENT
Edition statement Vydanie 1.
264 #1 - PRODUCTION, PUBLICATION, DISTRIBUTION, MANUFACTURE, AND COPYRIGHT NOTICE
Place of production, publication, distribution, manufacture Bratislava
Name of producer, publisher, distributor, manufacturer Grada Slovakia s.r.o. - Cosmopolis
Date of production, publication, distribution, manufacture, or copyright notice 2025
300 ## - PHYSICAL DESCRIPTION
Extent 368 strán
336 ## - CONTENT TYPE
Content type term text
Content type code txt
Source rdacontent
337 ## - MEDIA TYPE
Media type term bez média
Media type code n
Source rdamedia
338 ## - CARRIER TYPE
Carrier type term zväzok
Carrier type code nc
Source rdacarrier
490 1# - SERIES STATEMENT
Series statement Svetový bestseller
500 ## - GENERAL NOTE
General note Vydala Grada Slovakia, s.r.o. pod značkou Cosmopolis
600 17 - SUBJECT ADDED ENTRY--PERSONAL NAME
Personal name Quinn, Josie
Titles and other words associated with a name (fiktívna postava)
Source of heading or term UKBPH
655 #7 - INDEX TERM--GENRE/FORM
Genre/form data or focus term americké romány
Source of term UKBPH
655 #7 - INDEX TERM--GENRE/FORM
Genre/form data or focus term detektívne romány
Source of term UKBPH
655 #7 - INDEX TERM--GENRE/FORM
Genre/form data or focus term thrillery (romány)
Source of term UKBPH
700 1# - ADDED ENTRY--PERSONAL NAME
Personal name Kvoriaková, Katarína
Relationship trl
830 #0 - SERIES ADDED ENTRY--UNIFORM TITLE
Uniform title Svetový bestseller
942 ## - ADDED ENTRY ELEMENTS (KOHA)
Source of classification or shelving scheme Dewey Decimal Classification
Koha item type Krásna literatúra pre dospelých
Suppress in OPAC No
949 ## - LOCAL PROCESSING INFORMATION (OCLC)
6 1800969658
a SJ.D.43243
b PV.2025-2169
949 ## - LOCAL PROCESSING INFORMATION (OCLC)
6 1800969659
a 33.D.72918
b PV.2025-2170
980 ## - EQUIVALENCE OR CROSS-REFERENCE-SERIES STATEMENT--PERSONAL NAME/TITLE [LOCAL, CANADA]
Personal name Grada Slovakia, s.r.o., Moskovská 29, 811 08 Bratislava
Holdings
Stav vyradenia Strata Poškodenie Spôsob nadobudnutia Domovská knižnica Aktuálna knižnica Dátum nadobudnutia Total checkouts Čiarový kód exemplára Date last seen Typ exemplára
      Dar Obecná knižnica Dražkovce Obecná knižnica Dražkovce 18.03.2026   4736500714 18.03.2026 Krásna literatúra pre dospelých
Projekt je podporený Slovenskou asociáciou knižníc
Prevádzkuje Turčianska knižnica Martin 2026